Complete the Titles of Songs by Coldplay - Statistics

General Stats
  • This quiz has been taken 95 times
  • The average score is 11 of 15
Answer Stats
Answer % Correct
Viva la {Vida}
99%
God Put a Smile upon Your {Face}
93%
Fix {You}
92%
A Sky Full of {Stars}
90%
Adventure of a {Lifetime}
83%
Hymn for the {Weekend}
82%
Speed of {Sound}
82%
The {Scientist}
73%
Charlie {Brown}
71%
Every Teardrop Is a {Waterfall}
71%
Higher {Power}
69%
Violet {Hill}
60%
In My {Place}
59%
Don’t {Panic}
51%
Strawberry {Swing}
36%
No matching quizzes found
Score Distribution
Percent of People with Each Score
Percentile by Number Answered
Your Score History
You have not taken this quiz